书目信息 |
| 题名: |
繁忙人士的简单理财
|
|
| 作者: | 奎恩 著 ;灵思泉 , 蒋亮智 译 | |
| 分册: | ||
| 出版信息: | 北京 京华出版社 2007.10 |
|
| 页数: | 212页 | |
| 开本: | 23cm | |
| 丛书名: | ||
| 单 册: | ||
| 中图分类: | F830.59 | |
| 科图分类: | ||
| 主题词: | 私人投资--基本知识 | |
| 电子资源: | ||
| ISBN: | 978-7-80724-398-4 | |
| 000 | 00993nam0 2200253 450 | |
| 001 | 003651636 | |
| 005 | 20101125164811.17 | |
| 010 | @a978-7-80724-398-4@dCNY28.00 | |
| 100 | @a20101129d2007 em y0chiy50 ea | |
| 101 | 1 | @achi@ceng |
| 102 | @aCN@b110000 | |
| 105 | @ay z 000yy | |
| 200 | 1 | @a繁忙人士的简单理财@Afan mang ren shi de jian dan li cai@d= Smart and simple financial strategies for busy people@f(美) 简·布莱恩特·奎恩著@g灵思泉, 蒋亮智译@zeng |
| 210 | @a北京@c京华出版社@d2007.10 | |
| 215 | @a212页@d23cm | |
| 330 | @a本书介绍了投资理财的策略,内容包括找个最简单的方法管理自己的钱财、从胡乱开支到小有积蓄、先把你的消费贷款清零、将保险与投资分离、以最低的成本购置房产等。 | |
| 500 | 10 | @aSmart and simple financial strategies for busy people@mChinese |
| 606 | 0 | @a私人投资@x基本知识 |
| 690 | @aF830.59@v4 | |
| 701 | 1 | @a奎恩@Akui en@4著 |
| 702 | 0 | @a灵思泉@Aling si quan@4译 |
| 702 | 0 | @a蒋亮智@Ajiang liang zhi@4译 |
| 801 | 0 | @aCN@c20101129 |
| 905 | @dF830.59@eK941 | |
| 繁忙人士的简单理财= Smart and simple financial strategies for busy people/(美) 简·布莱恩特·奎恩著/灵思泉, 蒋亮智译.-北京:京华出版社,2007.10 |
| 212页;23cm |
| ISBN 978-7-80724-398-4:CNY28.00 |
| 本书介绍了投资理财的策略,内容包括找个最简单的方法管理自己的钱财、从胡乱开支到小有积蓄、先把你的消费贷款清零、将保险与投资分离、以最低的成本购置房产等。 |
| ● |
| 相关链接 |
|
|
|
正题名:繁忙人士的简单理财
索取号:F830.59/K941
 
预约/预借
| 序号 | 登录号 | 条形码 | 馆藏地/架位号 | 状态 | 备注 |
| 1 | 1035263 | 210352633 | 社科库409/409社科库 51排6列2层/ [索取号:F830.59/K941] | 在馆 | |
| 2 | 1035264 | 210352642 | 社科库409/409社科库 51排6列2层/ [索取号:F830.59/K941] | 在馆 | |
| 3 | 1035265 | 210352651 | 社科库409/422社科库 33排1列3层/ [索取号:F830.59/K941] | 在馆 |